000
00310nam a22001337a 4500
020
_a
0-8359-0176-9
041
_a
ENG
100
_a
Whitaker .J.H
245
_a
Agricultural Buildings And Structures
260
_a
Delhi
_b
Reston Publishing Com
_c
1997
300
_a
530
650
_a
APE
856
_u
APE ( 03 )
999
_c
1691
_d
1691